000 00701nam a2200229Ia 4500
003 OSt
005 20220926000602.0
006 a|||||r|||| 00| 0
007 ta
008 220923b |||||||| |||| 00| 0 eng d
037 _cGeneral Book
040 _aRTL
_cRTL
_beng
041 _2eng
_aeng
082 _aX:75.2,wN50.N7, L0
100 _aParanjape H. K.
_9154476
245 0 _aReorganised planning commission
_b A study in the i
260 _a New Delhi
_bIndian Institute of Public Administration India
_c1970
300 _aviii,58p.
_ccm.
650 _aPlanned Economy-India
942 _hX:75.2,wN50.N7, L0
_cGB
_2CC
999 _c599338
_d599338